| 000 | 00711nam a22002177a 4500 | ||
|---|---|---|---|
| 003 | OSt | ||
| 005 | 20250526201910.0 | ||
| 008 | 250526b |||||||| |||| 00| 0 sp d | ||
| 040 |
_acunsuroc _besp _canacap |
||
| 082 |
_21a. ed. _a327.73 W515 |
||
| 100 |
_aWesson, Robert G. _912735 |
||
| 245 |
_aPolítica exterior para una nueva era. _cWesson, Robert G. _hFísico |
||
| 250 | _a1a, ed. | ||
| 260 |
_aBuenos Aires, Ar: _bTroquel, _c1979 |
||
| 300 |
_a448p. : _cil. ; 23cm. |
||
| 365 |
_b1 _d3.00 _jar |
||
| 504 | _aBibliografía:pp. 425-448 | ||
| 648 |
_2Estados Unidos - Relaciones exteriores _93262 |
||
| 700 |
_aMasera, Rubén, tr. _912736 |
||
| 942 |
_2ddc _cBK _e1a. ed. _h327.73 W515 _n0 |
||
| 999 |
_c5257 _d5257 |
||